| 000 | 00770nam a22002057a 4500 | ||
|---|---|---|---|
| 999 |
_c1561 _d1561 |
||
| 003 | AR-CdUCM | ||
| 008 | 190227b ||||| |||| 00| 0 spa d | ||
| 040 |
_aMUNICIPALIDAD PROVINCIAL DEL CUSCO _cBIBLIOTECA MUNICIPAL DEL CUSCO |
||
| 082 |
_a321.947 / _bU34 |
||
| 100 |
_aUlam, Adam B. _95858 |
||
| 245 | _aNuevas características del totalitarismo soviético / | ||
| 260 |
_aMexico : _bLimusa Wiley , _c1964. |
||
| 300 |
_a288 páginas ; _c19 cm. |
||
| 505 | _aEl papel histórico del Marxismo y el sistema soviético -- Stalin y la teoría del totalitarismo -- La idiologia soviética y la política exterior... | ||
| 650 |
_aMarxismo. _924 |
||
| 650 |
_aStalin. _95859 |
||
| 650 |
_aPensamiento soviético. _95860 |
||
| 942 |
_2ddc _cLIBROS |
||
| 945 |
_awfj _d2019-02-27 |
||